Telón de cielo : diez obras mímicas para teatro de títeres /

Guardado en:
Autor Principal: Castilla, Gabriel
Formato: Libro
Publicado: Buenos Aires : Del Cronopio Azul, 2021.
Edición:3a ed.
Series:Libros de fondo blanco / María Rosa Mó
Materias:
Etiquetas: Agregar Etiqueta
Sin Etiquetas, Sea el primero en etiquetar este registro!
LEADER 01228nam a22003135a 4500
001 CEM.cems019013
008 211103s2021##################000#0#####d
005 20221004164241.0
245 1 0 |a Telón de cielo :  |b diez obras mímicas para teatro de títeres /  |c Gabriel Castilla 
250 |a 3a ed. 
260 |a Buenos Aires :  |b Del Cronopio Azul,  |c 2021. 
300 |a 64 p. 
490 0 |a Libros de fondo blanco / María Rosa Mó 
500 |a Edición para Ministerio de Educación de la Nación Argentina. 
505 0 |a Sueño -- El hipo -- Celos -- La gotera -- Historia ccon flores -- Miedo -- Amor negro -- Fuga -- Dos ancianos, dos sombreros y dos palomas -- Adiós Jugando 
020 |a 9789879226339 
100 1 |a Castilla, Gabriel 
082 0 4 |a A862.4 
653 |a Literatura 
653 |a Literatura argentina 
653 |a Literatura infantil 
653 |a Cuentos infantiles 
653 |a Teatro 
653 |a Teatro infantil 
653 |a Títeres 
653 |a Colección Leer Abre Mundos 
859 |a CEMS  |b BIB. CEMS - Agricultura  |h A862.4  |i C278  |p A3363.21  |t Ej.1 
859 |a CEMS  |b BIB. CEMS - 11 de abril  |h A862.4  |i C278-1  |p 29171.21  |t Ej. 1 
859 |a CEMS  |b BIB. CEMS - 11 de abril  |h A862.4  |i C278-1  |p 29134.21  |t Ej. 2